[Event "Lugano Open"]
[Site "Lugano SUI"]
[Date "1988.??.??"]
[Round "?"]
[White "Gunawan, Ronny"]
[Black "Gavrikov, Viktor N"]
[Result "0-1"]
[WhiteElo "2440"]
[BlackElo "2545"]
[PlyCount "62"]
[EventDate "1988.03.??"]
[Source "www.chesslib.no"]
[SourceDate "2004.05.04"]

1. d4 Nf6 2. c4 e6 3. Nf3 b6 4. g3 Bb7 5. Bg2 c5 6. d5 exd5 7. Nh4 b5 8. cxd5 d6 9. O-O g6 10. a4 b4 11. Nd2 Bg7 12. Nc4 Ba6 13. Qc2 O-O 14. Rb1 Bxc4 15. Qxc4 Nbd7 16. e4 Nb6 17. Qc2 a5 18. b3 Rc8 19. Bh3 Rc7 20. f3 c4 21. Qf2 Nfd7 22. Bxd7 Nxd7 23. bxc4 Rxc4 24. Be3 Qa8 25. Rfd1 Rfc8 26. Qe2 Qb7 27. Rb3 Rc3 28. Rbb1 Nc5 29. Bxc5 R8xc5 30. f4 Rc2 31. Qg4 R5c4 0-1

[Event "RUS-ch"]
[Site "Elista"]
[Date "1995.??.??"]
[Round "3"]
[White "Namgilov, Sogto"]
[Black "Rashkovsky, Nukhim N"]
[Result "1/2-1/2"]
[WhiteElo "2425"]
[BlackElo "2560"]
[PlyCount "62"]
[EventDate "1995.10.??"]
[Source "ChessBase"]

1. d4 Nf6 2. Nf3 e6 3. c4 b6 4. g3 Bb7 5. Bg2 g6 6. Nc3 Bg7 7. d5 exd5 8. cxd5 O-O 9. O-O Re8 10. Nd4 c5 11. Ndb5 d6 12. Bf4 Bf8 13. a4 Nh5 14. Qd2 Nxf4 15. Qxf4 a6 16. Na3 g5 17. Qd2 Nd7 18. f4 gxf4 19. gxf4 Nf6 20. Kh1 Bc8 21. Nc4 Rb8 22. Bf3 Kh8 23. e4 Bh6 24. Rg1 Rg8 25. e5 dxe5 26. Nxe5 Rxg1+ 27. Rxg1 Qf8 28. d6 Be6 29. Rd1 Rd8 30. Nc6 Rd7 31. Ne5 Rd8 1/2-1/2

[Event "Lvov"]
[Site "?"]
[Date "1987.??.??"]
[Round "?"]
[White "Novikov, I."]
[Black "Gavrikov, V."]
[Result "0-1"]
[WhiteElo "2455"]
[BlackElo "2525"]
[PlyCount "124"]
[EventDate "1987.??.??"]
[Source "ChessBase"]
[SourceDate "1987.07.01"]

1. d4 Nf6 2. c4 e6 3. Nf3 b6 4. g3 Bb7 5. Bg2 c5 6. d5 exd5 7. Nh4 b5 8. cxd5 d6 9. O-O g6 10. a4 b4 11. Nd2 Bg7 12. Nc4 Ba6 13. Qc2 O-O 14. a5 Bxc4 15. Qxc4 Nbd7 16. Nf3 Re8 17. Nd2 Qe7 18. e4 h5 19. h3 h4 20. g4 Ne5 21. Qb3 g5 22. Re1 Nfd7 23. Bf1 Rab8 24. Ra2 Rec8 25. Bc4 Qf6 26. Qe3 Nxc4 27. Nxc4 Ne5 28. Nxe5 Qxe5 29. b3 c4 30. Bb2 Qf4 31. Bxg7 Qxe3 32. Rxe3 Kxg7 33. bxc4 Rxc4 34. Kg2 Re8 35. a6 Rexe4 36. Rxe4 Rxe4 37. Ra5 b3 38. Rb5 Ra4 39. Rxb3 Rxa6 40. Rb7 Ra5 41. Rd7 Rxd5 42. Rxa7 Kf6 43. Ra8 Rd4 44. Re8 Ra4 45. Rg8 Ra5 46. Rb8 Ke6 47. Re8+ Kd7 48. Re4 f6 49. Rb4 Ra2 50. Rb3 Re2 51. Rb7+ Kc6 52. Rf7 Re6 53. f4 gxf4 54. Kf3 d5 55. Kxf4 d4 56. Rf8 d3 57. Rd8 Rd6 58. Rc8+ Kb5 59. Rc1 d2 60. Rd1 Kc4 61. g5 fxg5+ 62. Kxg5 Rd4 0-1

[Event "Clarin GP op"]
[Site "Villa Martelli"]
[Date "1997.??.??"]
[Round "5"]
[White "Sorin, Ariel"]
[Black "Slipak, Sergio"]
[Result "0-1"]
[WhiteElo "2460"]
[BlackElo "2515"]
[PlyCount "82"]
[EventDate "1997.??.??"]
[Source "www.chesslib.no"]
[SourceDate "2004.05.04"]

1. d4 Nf6 2. c4 e6 3. Nf3 b6 4. g3 Bb7 5. Bg2 c5 6. d5 exd5 7. Nh4 g6 8. Nc3 Bg7 9. Bg5 h6 10. Bxf6 Bxf6 11. Bxd5 Bxd5 12. Qxd5 Bxc3+ 13. bxc3 Nc6 14. Rd1 Qe7 15. Rd3 O-O-O 16. Re3 Qf6 17. O-O Rhf8 18. Rd1 Kc7 19. Ng2 g5 20. Rf3 Qe6 21. Ne3 d6 22. a4 Ne5 23. Rf5 Qxd5 24. cxd5 f6 25. f4 Nd7 26. Kf2 Rde8 27. Kf3 Rf7 28. c4 Rfe7 29. Rd3 Kb7 30. h4 Ka6 31. h5 Re4 32. Ng4 Rxc4 33. Nxh6 gxf4 34. gxf4 Re7 35. Re3 Rxe3+ 36. Kxe3 Rxa4 37. Nf7 Ra3+ 38. Kd2 Nb8 39. Nxd6 Rh3 40. e4 c4 41. Kc2 c3 0-1

[Event "SSKK"]
[Site "?"]
[Date "1997.04.15"]
[Round "?"]
[White "Stigar Petter"]
[Black "Jensen Poul Hedegaard (DEN"]
[Result "1-0"]
[WhiteElo "2530"]
[BlackElo "2440"]
[PlyCount "95"]
[EventDate "1997.??.??"]
[Source "www.chesslib.no"]
[SourceDate "2004.05.04"]

1. d4 Nf6 2. c4 e6 3. Nf3 b6 4. g3 Bb7 5. Bg2 c5 6. d5 exd5 7. Nh4 g6 8. Nc3 Bg7 9. O-O Na6 10. cxd5 O-O 11. e4 d6 12. Re1 Qd7 13. Bf4 Rfe8 14. Nf3 Nh5 15. Bg5 c4 16. Nd2 b5 17. a4 b4 18. Nb5 Rac8 19. Nxa7 Rc5 20. Rc1 Bxb2 21. Rxc4 Bc3 22. Bf1 Re5 23. Be3 Rxc4 24. Bxc4 Nc5 25. Bxc5 dxc5 26. Nb5 Qe7 27. d6 Qd7 28. Nf3 Rxe4 29. Rxe4 Bxe4 30. Ng5 Bf5 31. Qd5 Nf6 32. Qxc5 Kg7 33. Qc7 Ne8 34. Qxd7 Bxd7 35. Nxf7 Nf6 36. f3 Bxb5 37. axb5 Bd4+ 38. Kf1 Kf8 39. Ke2 Bc5 40. g4 Ke8 41. Be6 Nd7 42. f4 Bd4 43. Ng5 Nf6 44. Kd3 Bg1 45. Nf3 Bc5 46. g5 Nh5 47. d7+ Ke7 48. f5 1-0

[Event "JUG-chT"]
[Site "Budva"]
[Date "1996.??.??"]
[Round "3"]
[White "Ilincic, Zlatko"]
[Black "Tosic, Miroslav"]
[Result "0-1"]
[WhiteElo "2555"]
[BlackElo "2415"]
[PlyCount "72"]
[EventDate "1996.??.??"]
[Source "ChessBase"]

1. d4 Nf6 2. c4 e6 3. Nf3 b6 4. g3 Bb7 5. Bg2 g6 6. O-O Bg7 7. Nc3 Ne4 8. Nxe4 Bxe4 9. Bg5 Qc8 10. Qd2 h6 11. Be3 d6 12. Rfd1 Nd7 13. Rac1 Nf6 14. h3 Qb7 15. b4 Rc8 16. a4 a6 17. Bf1 b5 18. cxb5 axb5 19. a5 Nd5 20. Ne1 g5 21. Bg2 Bxg2 22. Nxg2 f5 23. h4 Bf6 24. f3 Rg8 25. Bf2 gxh4 26. gxh4 c5 27. Qxh6 Rc7 28. a6 Qa7 29. Kf1 Rh7 30. Qd2 Qg7 31. Ne1 Bxh4 32. e3 Bxf2 33. Qxf2 Rh1+ 34. Ke2 Qh6 35. a7 Kf7 36. Ng2 Rxg2 0-1

[Event "It (Open) Moscow RUS"]
[Site "?"]
[Date "2006.02.07"]
[Round "1"]
[White "Ionov Sergey"]
[Black "Virovlansky Semen"]
[Result "1-0"]
[WhiteElo "2519"]
[BlackElo "2451"]
[PlyCount "47"]
[EventDate "2006.??.??"]
[Source "www.chesslib.no"]
[SourceDate "2004.05.04"]

1. d4 Nf6 2. c4 e6 3. Nf3 b6 4. g3 Bb7 5. Bg2 c6 6. O-O Be7 7. Nc3 d5 8. Qd3 O-O 9. Rd1 Na6 10. e4 dxc4 11. Qxc4 b5 12. Qe2 b4 13. e5 Nd5 14. Ne4 h6 15. Nfd2 c5 16. Nc4 cxd4 17. Qg4 Kh8 18. Qh5 Rc8 19. Ncd6 Bxd6 20. Nxd6 Rc7 21. Bxh6 f6 22. Be3+ Kg8 23. Bxd4 f5 24. Qe2 1-0

[Event "Belgrade Trako"]
[Site "Belgrade"]
[Date "1995.??.??"]
[Round "1"]
[White "Nestorovic, Dejan"]
[Black "Piskov, Yury"]
[Result "1/2-1/2"]
[WhiteElo "2415"]
[BlackElo "2540"]
[PlyCount "32"]
[EventDate "1995.03.??"]
[Source "ChessBase"]

1. d4 Nf6 2. c4 e6 3. Nf3 b6 4. g3 Bb7 5. Bg2 c6 6. O-O Be7 7. Nc3 d5 8. Ne5 Nfd7 9. Nxd7 Nxd7 10. b3 O-O 11. e4 dxc4 12. bxc4 e5 13. Be3 exd4 14. Bxd4 c5 15. Be3 Bf6 16. Rc1 Bxc3 1/2-1/2

[Event "Keres mem"]
[Site "Tallinn"]
[Date "1983.??.??"]
[Round "7"]
[White "Boensch, Uwe"]
[Black "Nei, Iivo"]
[Result "1-0"]
[WhiteElo "2450"]
[BlackElo "2495"]
[PlyCount "79"]
[EventDate "1983.02.??"]
[Source "ChessBase"]

1. c4 Nf6 2. Nf3 e6 3. d4 b6 4. g3 Bb7 5. Bg2 c5 6. d5 exd5 7. Nh4 b5 8. cxd5 d6 9. a4 b4 10. Nf5 g6 11. Ne3 Bg7 12. Nc4 Ba6 13. Nbd2 O-O 14. O-O Re8 15. Re1 Ng4 16. e3 Ne5 17. Bf1 Nxc4 18. Bxc4 Bxc4 19. Nxc4 Qc7 20. e4 Nd7 21. Bf4 Ne5 22. Bxe5 Bxe5 23. Qb3 Bd4 24. Re2 Re7 25. Rae1 Rae8 26. Kg2 f5 27. Qf3 Rxe4 28. Rxe4 fxe4 29. Rxe4 Rf8 30. Rf4 Re8 31. b3 Qe7 32. h4 Kg7 33. h5 g5 34. Rf5 a6 35. Qg4 Bf6 36. Rf3 Bd4 37. Qh3 Kh8 38. h6 Rf8 39. Qe6 Qd8 40. Nxd6 1-0

[Event "Berlin"]
[Site "Berlin GER"]
[Date "1993.??.??"]
[Round "10"]
[White "Panchenko, Alexandar G"]
[Black "Votava, Jan"]
[Result "1-0"]
[WhiteElo "2515"]
[BlackElo "2425"]
[PlyCount "81"]
[EventDate "1993.??.??"]
[Source "www.chesslib.no"]
[SourceDate "2004.05.04"]

1. d4 Nf6 2. Nf3 b6 3. c4 e6 4. g3 Bb7 5. Bg2 c5 6. d5 exd5 7. Nh4 b5 8. Nc3 bxc4 9. Nxd5 Nxd5 10. Bxd5 Qb6 11. O-O Nc6 12. Bxc4 Nd4 13. e3 Qc6 14. f3 Ne6 15. e4 g6 16. Qb3 Qb6 17. Bd2 Bg7 18. Bc3 Nd4 19. Bxf7+ Ke7 20. Qxb6 axb6 21. Bc4 Bc6 22. f4 b5 23. Bd3 c4 24. e5 cxd3 25. Bxd4 Ra4 26. Bc5+ Ke6 27. b3 Re4 28. Rad1 Ra8 29. Nf3 Kd5 30. Bb6 Re2 31. Rxd3+ Ke4 32. Rd4+ Kf5 33. Rxd7 Kg4 34. Rxg7 Bxf3 35. Bf2 Raxa2 36. Rxh7 Be4 37. h3+ Kf3 38. Rc7 b4 39. Rc4 Bd5 40. Rd4 Be6 41. f5 1-0

[Event "Stockholm Sweden"]
[Site "Stockholm Sweden"]
[Date "1976.??.??"]
[Round "6"]
[White "Poutiainen, Pertti"]
[Black "Miles, Anthony J"]
[Result "0-1"]
[WhiteElo "2425"]
[BlackElo "2510"]
[PlyCount "76"]
[EventDate "1976.??.??"]
[Source "www.chesslib.no"]
[SourceDate "2004.05.04"]

1. Nf3 Nf6 2. c4 b6 3. d4 e6 4. g3 Bb7 5. Bg2 d5 6. cxd5 Nxd5 7. O-O Be7 8. Qc2 O-O 9. Nc3 Nd7 10. Nxd5 Bxd5 11. e4 Bb7 12. Rd1 c5 13. d5 exd5 14. exd5 Bf6 15. h4 h6 16. Bf4 Re8 17. Nd2 Be5 18. Bxe5 Nxe5 19. Ne4 Qd7 20. Nc3 Rad8 21. Re1 Nc4 22. a4 Nd6 23. Bf1 Rxe1 24. Rxe1 Re8 25. Qd2 Rxe1 26. Qxe1 Kf8 27. Qe5 Qe7 28. Qf4 g5 29. hxg5 hxg5 30. Qg4 Bc8 31. Qd1 Qe5 32. Qd2 Bd7 33. Be2 Ke7 34. Qe3 Qxe3 35. fxe3 Kf6 36. Bd3 Ke5 37. b3 f5 38. Bc4 Be8 0-1

[Event "Leiner op"]
[Site "Leiner"]
[Date "1996.??.??"]
[Round "7"]
[White "Horvath, Csaba"]
[Black "Kiss, Attila"]
[Result "1/2-1/2"]
[WhiteElo "2540"]
[BlackElo "2395"]
[PlyCount "89"]
[EventDate "1996.??.??"]
[Source "www.chesslib.no"]
[SourceDate "2004.05.04"]

1. d4 Nf6 2. c4 e6 3. Nf3 b6 4. g3 Bb7 5. Bg2 c5 6. d5 exd5 7. Nh4 b5 8. O-O Qb6 9. cxd5 g6 10. a4 d6 11. axb5 a6 12. bxa6 Nbd7 13. Nd2 Rxa6 14. Rxa6 Bxa6 15. b3 Bg7 16. Qc2 O-O 17. Nc4 Bxc4 18. bxc4 Rb8 19. Nf3 Qa6 20. Bd2 Ng4 21. Bh3 h5 22. Bf4 Rb2 23. Qe4 Ngf6 24. Qd3 Ng4 25. Bxg4 hxg4 26. Ng5 Be5 27. h3 gxh3 28. Qe4 h2+ 29. Kxh2 f5 30. Qh1 Qxc4 31. Bxe5 dxe5 32. d6 e4 33. Kg2 Nf8 34. d7 Rd2 35. Rd1 Qd5 36. Rxd2 Qxd2 37. Qb1 Qxd7 38. Qb3+ Kg7 39. Qc4 Qc6 40. Qf7+ Kh6 41. f4 exf3+ 42. Nxf3 Nh7 43. Qe7 Qe4 44. Qxc5 Qxe2+ 45. Qf2 1/2-1/2

[Event "FSGM November"]
[Site "Budapest"]
[Date "2003.11.04"]
[Round "4"]
[White "Ovsejevitsch, Sergei"]
[Black "Nguyen Ngoc Truong, Son"]
[Result "1/2-1/2"]
[WhiteElo "2510"]
[BlackElo "2417"]
[PlyCount "36"]
[EventDate "2003.11.01"]
[Source "Roberto Alvarez"]
[SourceDate "2003.11.17"]

1. d4 Nf6 2. c4 e6 3. Nf3 b6 4. g3 Bb7 5. Bg2 c5 6. d5 exd5 7. Nh4 g6 8. Nc3 Bg7 9. Nxd5 Bxd5 10. Bxd5 Nxd5 11. Qxd5 Nc6 12. Bg5 Bf6 13. Nf3 O-O 14. O-O Bxg5 15. Qxg5 Nd4 16. Qd2 Nxf3+ 17. exf3 Qf6 18. Kg2 d6 1/2-1/2

[Event "Valkeakoski sim"]
[Site "Valkeakoski"]
[Date "1996.??.??"]
[Round "?"]
[White "Karpov, Anatoly"]
[Black "Koskela, Niina"]
[Result "1/2-1/2"]
[WhiteElo "2770"]
[BlackElo "2155"]
[PlyCount "62"]
[EventDate "1996.??.??"]
[Source "www.chesslib.no"]
[SourceDate "2004.05.04"]

1. d4 Nf6 2. c4 e6 3. Nf3 b6 4. g3 Bb7 5. Bg2 d5 6. O-O Be7 7. Ne5 Nfd7 8. Nc3 c6 9. Nxd7 Nxd7 10. b3 O-O 11. Bf4 Re8 12. Rc1 Nf6 13. e4 dxe4 14. Nxe4 Nxe4 15. Bxe4 Bg5 16. Bxg5 Qxg5 17. Qf3 Rac8 18. Rcd1 Rc7 19. Rfe1 g6 20. h4 Qd8 21. c5 Kg7 22. b4 Qf6 23. Qa3 Bc8 24. Bg2 Rd8 25. Qe3 Ba6 26. Qe5 Qxe5 27. dxe5 Rxd1 28. Rxd1 Bc4 29. Rd6 bxc5 30. bxc5 Bxa2 31. Rxc6 Rxc6 1/2-1/2

[Event "Nordic-ch"]
[Site "Gjovik"]
[Date "1985.??.??"]
[Round "?"]
[White "Wiedenkeller, Michael"]
[Black "Yrjola, Jouni"]
[Result "0-1"]
[WhiteElo "2465"]
[BlackElo "2460"]
[PlyCount "48"]
[EventDate "1985.07.??"]
[Source "ChessBase"]

1. d4 Nf6 2. Nf3 e6 3. c4 b6 4. g3 Bb7 5. Bg2 c5 6. O-O cxd4 7. Qxd4 Nc6 8. Qf4 d5 9. cxd5 Nxd5 10. Qa4 Bc5 11. Rd1 Qe7 12. e4 Nc7 13. Nc3 O-O 14. e5 Nd5 15. Ne4 Qc7 16. Bf4 Nxf4 17. gxf4 Rad8 18. Rac1 Rxd1+ 19. Rxd1 Rd8 20. Nxc5 bxc5 21. Rxd8+ Qxd8 22. Ng5 h6 23. Ne4 Nd4 24. Nxc5 Bxg2 0-1

[Event "Minsk Int"]
[Site "Minsk BLR"]
[Date "1986.??.??"]
[Round "?"]
[White "Gunawan, Ronny"]
[Black "Dydyshko, Viacheslav"]
[Result "0-1"]
[WhiteElo "2440"]
[BlackElo "2485"]
[PlyCount "48"]
[EventDate "1986.12.??"]
[Source "www.chesslib.no"]
[SourceDate "2004.05.04"]

1. d4 Nf6 2. c4 e6 3. Nf3 b6 4. g3 Bb7 5. Bg2 c5 6. dxc5 Bxc5 7. Nc3 O-O 8. Bg5 h6 9. Bxf6 Qxf6 10. O-O Rd8 11. e4 Nc6 12. Qe2 d6 13. Rac1 Rac8 14. Rfd1 Ne5 15. Nb5 Ng4 16. Nfd4 Qg6 17. Nxa7 Ra8 18. Nac6 Bxc6 19. Nxc6 Re8 20. Bf3 Nxf2 21. b4 Nxd1+ 22. bxc5 Qg5 23. Rxd1 Qxc5+ 24. Kg2 e5 0-1

[Event "Ankara zt"]
[Site "Ankara"]
[Date "1995.??.??"]
[Round "8"]
[White "Tosic, Miroslav"]
[Black "Nikolaidis, Ioannis"]
[Result "0-1"]
[WhiteElo "2420"]
[BlackElo "2505"]
[PlyCount "94"]
[EventDate "1995.??.??"]
[Source "ChessBase"]

1. d4 Nf6 2. c4 e6 3. Nf3 b6 4. g3 Bb7 5. Bg2 g6 6. O-O Bg7 7. Nc3 Ne4 8. Nxe4 Bxe4 9. Bg5 Qc8 10. Qd2 h6 11. Be3 d6 12. b4 Nd7 13. Rac1 Nf6 14. h3 Qb7 15. Rfd1 Rc8 16. Bf1 b5 17. cxb5 Qxb5 18. Bf4 Qb6 19. Qe1 Bxf3 20. exf3 Nd5 21. Bd2 O-O 22. b5 c6 23. Ba5 Qb7 24. Rb1 Nb6 25. f4 cxb5 26. Bxb5 Qd5 27. Qe2 Bxd4 28. Be1 Rfd8 29. Bd3 e5 30. f5 Kg7 31. Be4 Qc4 32. Bd3 Qc6 33. fxg6 fxg6 34. Ba6 Rc7 35. Rbc1 Qxc1 36. Rxc1 Rxc1 37. Kg2 Rf8 38. Bd3 d5 39. Bc2 Rxe1 40. Qxe1 Rxf2+ 41. Kh1 Rxc2 42. Qb4 Rf2 43. a4 Rf7 44. g4 Nd7 45. Qd6 Nf6 46. h4 Nxg4 47. Qxd5 Rf1+ 0-1

[Event "Ch (Men) Svilengrad BUL"]
[Site "?"]
[Date "2006.03.03"]
[Round "4.3"]
[White "Karakehajov Kalin"]
[Black "Janev Evgeni"]
[Result "1-0"]
[WhiteElo "2429"]
[BlackElo "2494"]
[PlyCount "87"]
[EventDate "2006.??.??"]
[Source "www.chesslib.no"]
[SourceDate "2004.05.04"]

1. d4 Nf6 2. c4 e6 3. Nf3 b6 4. g3 Bb7 5. Bg2 c5 6. d5 exd5 7. Nh4 g6 8. cxd5 Bg7 9. O-O d6 10. Nc3 O-O 11. e4 Re8 12. Bf4 a6 13. a4 h6 14. Be3 Nbd7 15. Qc2 Rb8 16. h3 Ba8 17. Nf3 b5 18. axb5 axb5 19. Nd2 Qc7 20. Rfc1 Ne5 21. Bf1 c4 22. b4 Qc8 23. Kh2 h5 24. Be2 Re7 25. Ra5 Ne8 26. Nxb5 Qd7 27. Nxc4 Nxc4 28. Qxc4 Bb7 29. Na7 h4 30. g4 Nf6 31. Nc6 Bxc6 32. dxc6 Qe8 33. e5 d5 34. Qc2 Rxe5 35. c7 Rc8 36. Bb5 Nd7 37. Bxd7 Qxd7 38. Qc6 Qxc6 39. Rxc6 d4 40. Bf4 Re4 41. Rd5 Ree8 42. b5 g5 43. Rxg5 d3 44. b6 1-0

[Event "Reykjavik"]
[Site "Reykjavik ISL"]
[Date "1976.??.??"]
[Round "15"]
[White "Antoshin, Vladimir S"]
[Black "Keene, Raymond D"]
[Result "1/2-1/2"]
[WhiteElo "2460"]
[BlackElo "2460"]
[PlyCount "81"]
[EventDate "1976.09.??"]
[Source "www.chesslib.no"]
[SourceDate "2004.05.04"]

1. d4 Nf6 2. c4 e6 3. Nf3 b6 4. g3 Bb7 5. Bg2 d5 6. O-O dxc4 7. Qa4+ Nbd7 8. Nc3 a6 9. Qxc4 b5 10. Qd3 c5 11. b3 cxd4 12. Qxd4 Bc5 13. Qh4 O-O 14. Bb2 Qb6 15. Rad1 Rfd8 16. Nd2 Bxg2 17. Kxg2 Rac8 18. Nf3 Be7 19. Kg1 Nf8 20. Rxd8 Rxd8 21. Qf4 Ng6 22. Qc1 Bc5 23. Kg2 h6 24. Qc2 Qb7 25. Nd1 Ne4 26. Nc3 Ng5 27. h4 Nxf3 28. exf3 Bd4 29. Ne2 Bxb2 30. Qxb2 Rd6 31. Ng1 Ne7 32. Rc1 Nf5 33. Qc2 Qd7 34. Qc8+ Qxc8 35. Rxc8+ Kh7 36. Rc2 Nd4 37. Rb2 e5 38. h5 f6 39. f4 exf4 40. gxf4 Kg8 41. Ne2 1/2-1/2

[Event "Haringey"]
[Site "London ENG"]
[Date "1988.??.??"]
[Round "?"]
[White "Lukacs, Peter"]
[Black "Martin, Andrew D"]
[Result "1/2-1/2"]
[WhiteElo "2490"]
[BlackElo "2430"]
[PlyCount "42"]
[EventDate "1988.07.??"]
[Source "www.chesslib.no"]
[SourceDate "2004.05.04"]

1. d4 Nf6 2. c4 e6 3. Nf3 b6 4. g3 Bb7 5. Bg2 c5 6. d5 exd5 7. Nh4 b5 8. Nc3 bxc4 9. Nxd5 Nxd5 10. Bxd5 Qb6 11. O-O g6 12. Ng2 Bg7 13. Ne3 O-O 14. Nxc4 Qa6 15. Be3 Bxd5 16. Qxd5 Nc6 17. Bxc5 Rfe8 18. Nd6 Re6 19. e3 Rb8 20. Rab1 Ne7 21. Qd1 Qxa2 1/2-1/2

[Event "RUS Team Ch"]
[Site "Podolsk RUS"]
[Date "1992.??.??"]
[Round "?"]
[White "Tunik, Gennady"]
[Black "Panchenko, Alexander N"]
[Result "1/2-1/2"]
[WhiteElo "2450"]
[BlackElo "2460"]
[PlyCount "22"]
[EventDate "1992.??.??"]
[Source "www.chesslib.no"]
[SourceDate "2004.05.04"]

1. d4 Nf6 2. c4 e6 3. Nf3 b6 4. g3 Bb7 5. Bg2 g6 6. Nc3 Ne4 7. Nxe4 Bxe4 8. Bf4 Bg7 9. Qd2 Nc6 10. d5 Bxf3 11. Bxf3 Nd4 1/2-1/2

[Event "POL-chT"]
[Site "Zakopane"]
[Date "2000.09.11"]
[Round "9"]
[White "Kempinski, Robert"]
[Black "Lobejko, Rafal"]
[Result "1-0"]
[WhiteElo "2522"]
[BlackElo "2383"]
[PlyCount "73"]
[EventDate "2000.09.02"]
[Source "www.chesslib.no"]
[SourceDate "2004.05.04"]

1. d4 Nf6 2. c4 e6 3. Nf3 b6 4. g3 Bb7 5. Bg2 c5 6. d5 exd5 7. Nh4 b5 8. cxd5 d6 9. a4 g6 10. axb5 Bg7 11. O-O O-O 12. Nc3 a6 13. Qd3 Qb6 14. Bf4 Nbd7 15. Nf3 Nh5 16. Bg5 h6 17. Be3 Rfe8 18. Rab1 Nhf6 19. h3 Qd8 20. bxa6 Bxa6 21. Qd2 g5 22. Rfc1 Rb8 23. b3 Nb6 24. Nh2 Bc8 25. g4 Nfd7 26. Nf1 Ne5 27. Ng3 Ng6 28. Nce4 Be5 29. b4 cxb4 30. Bd4 Nf4 31. Bxe5 Rxe5 32. Qd4 Bb7 33. e3 Nfxd5 34. Nf5 Kh7 35. Nfxd6 Re6 36. Nxb7 Rxb7 37. Nc5 1-0

[Event "Banja Luka"]
[Site "Banja Luka"]
[Date "1976.??.??"]
[Round "4"]
[White "Lakic, Nikola"]
[Black "Kurajica, Bojan"]
[Result "1-0"]
[WhiteElo "2380"]
[BlackElo "2525"]
[PlyCount "71"]
[EventDate "1976.12.??"]
[Source "ChessBase"]

1. d4 Nf6 2. c4 e6 3. Nf3 b6 4. g3 Bb7 5. Bg2 c5 6. d5 exd5 7. Nh4 Qc8 8. cxd5 d6 9. Nc3 g6 10. Qa4+ Nbd7 11. Bg5 Be7 12. Bh6 a6 13. Bg7 b5 14. Qd1 Rg8 15. Bh6 Ne5 16. Bc1 g5 17. Bxg5 Rxg5 18. f4 Rh5 19. fxe5 Ng4 20. O-O Bxh4 21. gxh4 Qd8 22. Ne4 Rxe5 23. e3 Rxe4 24. Bxe4 Qxh4 25. Qe2 Ke7 26. Rf4 Rg8 27. Kh1 h5 28. Raf1 Rg7 29. Bf3 Qg5 30. Bxg4 hxg4 31. Rf5 Qg6 32. Qg2 Bc8 33. R5f4 Rh7 34. Kg1 Rg7 35. Qg3 Qd3 36. Qh4+ 1-0

[Event "Capablanca mem-A 13th"]
[Site "Cienfuegos City CUB"]
[Date "1976.05.29"]
[Round "13"]
[White "Peev, Peicho C"]
[Black "Garcia Gonzales, Guillermo"]
[Result "1/2-1/2"]
[WhiteElo "2430"]
[BlackElo "2475"]
[PlyCount "46"]
[EventDate "1976.05.17"]
[Source "www.chesslib.no"]
[SourceDate "2004.05.04"]

1. d4 Nf6 2. c4 e6 3. Nf3 b6 4. g3 Bb7 5. Bg2 c5 6. d5 exd5 7. Nh4 Qc8 8. cxd5 d6 9. O-O g6 10. Nc3 a6 11. a4 Bg7 12. Bf4 Qc7 13. Qd2 h6 14. e4 Nbd7 15. Rac1 Kf8 16. Be3 Ng4 17. h3 Nxe3 18. Qxe3 Bf6 19. Nf3 Kg7 20. h4 Rae8 21. Qd2 Qd8 22. Nh2 Ne5 23. b3 h5 1/2-1/2

[Event "CRO Team Ch"]
[Site "Makarska"]
[Date "1994.??.??"]
[Round "5"]
[White "Begovac, Franja"]
[Black "Jukic, Mirko"]
[Result "1/2-1/2"]
[WhiteElo "2420"]
[BlackElo "2485"]
[PlyCount "21"]
[EventDate "1994.??.??"]
[Source "www.chesslib.no"]
[SourceDate "2004.05.04"]

1. d4 Nf6 2. c4 e6 3. Nf3 b6 4. g3 Bb7 5. Nc3 d5 6. cxd5 Nxd5 7. Qc2 Be7 8. e4 Nxc3 9. bxc3 O-O 10. Bg2 c5 11. O-O 1/2-1/2

[Event "RUS-Cup03 (Geller mem)"]
[Site "Moscow"]
[Date "1999.02.14"]
[Round "5"]
[White "Dolinskij, Boris"]
[Black "Tosic, Miroslav"]
[Result "1-0"]
[WhiteElo "2376"]
[BlackElo "2517"]
[PlyCount "115"]
[EventDate "1999.02.10"]
[Source "ChessBase"]
[SourceDate "1999.06.08"]

1. d4 Nf6 2. c4 e6 3. Nf3 b6 4. g3 Bb7 5. Bg2 g6 6. O-O Bg7 7. Nc3 Ne4 8. Nxe4 Bxe4 9. Bg5 Qc8 10. Qd2 h6 11. Bf4 d6 12. h4 Nd7 13. Rac1 Qb7 14. b4 Rd8 15. Rfd1 Nf6 16. Ne1 Bxg2 17. Nxg2 Ne4 18. Qe3 Nf6 19. Qd2 a6 20. a4 Rd7 21. Qc2 O-O 22. c5 dxc5 23. dxc5 Rxd1+ 24. Qxd1 Nd5 25. c6 Qc8 26. b5 Nc3 27. Qd3 Nxa4 28. bxa6 Nc5 29. Rxc5 bxc5 30. Qb5 c4 31. Qxc4 Rd8 32. Be3 Rd1+ 33. Kh2 Ra1 34. a7 Qd8 35. Qb3 Kh7 36. h5 Qd6 37. hxg6+ fxg6 38. Qc2 Qd5 39. f3 Be5 40. Nh4 Bxg3+ 41. Kxg3 Qe5+ 42. Bf4 Qf6 43. Qd3 Rxa7 44. Qd7+ Kg8 45. Bxc7 g5 46. Ng2 h5 47. Qd8+ Qxd8 48. Bxd8 Ra6 49. c7 Rc6 50. Ne1 Kf7 51. Nd3 Ke8 52. Ne5 Rc2 53. Ng6 Kd7 54. Ne7 Rxc7 55. Bxc7 Kxe7 56. f4 g4 57. Kh4 Kf6 58. e4 1-0

[Event "Baku"]
[Site "Baku AZE"]
[Date "1980.??.??"]
[Round "13"]
[White "Padevsky, Nikola B"]
[Black "Martinovic, Slobodan"]
[Result "1/2-1/2"]
[WhiteElo "2415"]
[BlackElo "2475"]
[PlyCount "42"]
[EventDate "1980.??.??"]
[Source "www.chesslib.no"]
[SourceDate "2004.05.04"]

1. d4 Nf6 2. Nf3 e6 3. c4 b6 4. g3 Bb7 5. Bg2 c5 6. O-O cxd4 7. Nxd4 Bxg2 8. Kxg2 Qc8 9. b3 Qb7+ 10. Nf3 Be7 11. Bb2 O-O 12. Nc3 a6 13. Kg1 d6 14. Nd4 Nc6 15. Nxc6 Qxc6 16. Qd3 Rfd8 17. Rac1 Qb7 18. Rfd1 Rab8 19. a4 d5 20. cxd5 Nxd5 21. Nxd5 Rxd5 1/2-1/2

[Event "Groningen Open"]
[Site "Groningen NED"]
[Date "1992.??.??"]
[Round "4"]
[White "Lalic, Bogdan"]
[Black "Kogan, Artur"]
[Result "1-0"]
[WhiteElo "2515"]
[BlackElo "2370"]
[PlyCount "129"]
[EventDate "1992.12.??"]
[Source "www.chesslib.no"]
[SourceDate "2004.05.04"]

1. d4 Nf6 2. c4 e6 3. Nf3 b6 4. g3 Bb7 5. Bg2 c5 6. d5 exd5 7. Nh4 b5 8. Nc3 Qb6 9. Nxd5 Nxd5 10. Bxd5 g6 11. a4 bxc4 12. Ra3 Be7 13. a5 Qb4+ 14. Bd2 Qxb2 15. Rb3 cxb3 16. Bxb7 c4 17. O-O O-O 18. Bxa8 Nc6 19. Bb7 Rd8 20. Nf3 c3 21. Bf4 c2 22. Qd3 Bf6 23. Bd2 Nxa5 24. Bd5 Rb8 25. Bxf7+ Kxf7 26. Qxd7+ Kg8 27. Qd5+ Kh8 28. Qxa5 Rc8 29. Kg2 Bg7 30. Qa6 c1=Q 31. Rxc1 Rxc1 32. Qe6 h6 33. Bxc1 Qxc1 34. Qxb3 Kh7 35. Qa4 Qc5 36. Qa6 Qb6 37. Qxb6 axb6 38. Nd2 g5 39. g4 Kg6 40. Kf3 Bc3 41. Ne4 Be5 42. h3 Kf7 43. Ke3 Ke6 44. Kd3 Kd5 45. e3 b5 46. f3 Kc6 47. Kc2 Bg7 48. Ng3 Kd5 49. Nf5 Bf8 50. h4 gxh4 51. Nxh4 Kc4 52. Nf5 b4 53. e4 b3+ 54. Kb2 Kd3 55. Kxb3 Ke2 56. Nd4+ Ke3 57. Kc4 Ba3 58. e5 Kf4 59. Kd5 Be7 60. Ke6 Bc5 61. Nc6 Ba3 62. Kf6 Bb2 63. Kg6 Kxf3 64. e6 Ba3 65. Kf5 1-0